000 01145cam a2200361 a 4500
001 4641
003 FISKH
005 20250331100405.0
008 980922s1999 nyua b 000 1 eng
010 _a 98046158
020 _a0688167217 (trade : alk. paper)
020 _a0688167225 (lib. ed. : alk. paper)
020 _a9780064443098
040 _aDLC
_cDLC
_dDLC
_beng
050 _aPZ7.P2185
082 _a372.64
100 1 _aParish, Herman.
245 1 0 _aAmelia Bedelia 4 mayor! /
_cby Herman Parish, pictures by Lynn Sweat.
246 3 _aAmelia Bedelia for mayor
260 _aNew York :
_bHarperCollins,
_c1999.
300 _a51 pages :
_bcolor illustrations ;
_c23 cm
505 _aJ
520 _aA series of misunderstandings leads the literal-minded Amelia Bedelia to run for mayor.
521 8 _a480
_bLexile
521 8 _aJ
_bRaz-Plus
650 1 _aPolitics, Practical
_vFiction.
650 1 _aHousehold employees
_vFiction.
650 1 _aHumorous stories.
700 1 _aSweat, Lynn,
_eillustrator
906 _a7
_bcbc
_corignew
_d1
_eocip
_f19
_gy-gencatlg
942 _2ddc
_cBK
_n0
999 _c4641
_d4641